Statistiques concernant Top 10 des villes de France ayant le plus de bars

Cliquez ici pour prendre le quiz!

Statistiques générales

  • Ce quiz a été pris 1 071 fois
  • Le résultat moyen est 8 sur 10

Statistiques - réponses

Nombre d'habitants pour un barVille% Correct
1964Paris
99%
1440Lille
94%
1767Lyon
93%
1672Bordeaux
89%
1670Rennes
88%
1727Nantes
87%
2237Montpellier
67%
1404Rouen
52%
2021Angers
49%
1691Grenoble
48%

Distribution des résultats

Percentile par nombre de réponses

% des personnes avec chaque résultat

Votre développement - résultats

Vous n’avez pas pris ce quiz